ბათუმის შოთა რუსთაველის სახელმწიფო უნივერსიტეტის ბიბლიოთეკა

უკანასკნელი ცრემლი (ბიბ.ჩანაწერი № 42493)

000 -LEADER
fixed length control field 00698nam a2200217Ia 4500
001 - CONTROL NUMBER
control field 9190
003 - CONTROL NUMBER IDENTIFIER
control field GE_BSU
008 - FIXED-LENGTH DATA ELEMENTS--GENERAL INFORMATION
fixed length control field 181216s||||||||xx |||||||||||||| ||und||
040 ## - CATALOGING SOURCE
Transcribing agency GE_BSU
100 ## - MAIN ENTRY--PERSONAL NAME
Personal name ლორთქიფანიძე,გიორგი
245 ## - TITLE STATEMENT
Title უკანასკნელი ცრემლი
245 ## - TITLE STATEMENT
Remainder of title რომანი. წ.2
245 ## - TITLE STATEMENT
Statement of responsibility, etc. რედ.ა.შონია, მხატვ.დ.დუნდუა
260 ## - PUBLICATION, DISTRIBUTION, ETC.
Place of publication, distribution, etc. თბილისი
260 ## - PUBLICATION, DISTRIBUTION, ETC.
Name of publisher, distributor, etc. სახელგამი
260 ## - PUBLICATION, DISTRIBUTION, ETC.
Date of publication, distribution, etc. 1962
300 ## - PHYSICAL DESCRIPTION
Extent 444გვ.21სმ.
653 ## - INDEX TERM--UNCONTROLLED
Uncontrolled term რომანი
653 ## - INDEX TERM--UNCONTROLLED
Uncontrolled term უკანასკნელი ცრემლი
942 ## - ADDED ENTRY ELEMENTS (KOHA)
Koha item type წიგნი
ეგზემპლარები
Withdrawn status Lost status Damaged status Not for loan Date acquired Barcode Date last seen Price effective from Koha item type
        2018-12-17 31978 2018-12-17 2018-12-17 წიგნი
        2018-12-17 31979 2018-12-17 2018-12-17 წიგნი